Catálogo público

Fundamentos de fisiología vegetal / (Record no. 175621)

MARC details
000 -CABECERA
campo de control de longitud fija 02401nam a2200409Ia 4500
001 - NÚMERO DE CONTROL
campo de control dia_4821
003 - IDENTIFICADOR DEL NÚMERO DE CONTROL
campo de control CHAP
005 - FECHA Y HORA DE LA ÚLTIMA TRANSACCIÓN
campo de control 20230525182254.0
007 - CAMPO FIJO DE DESCRIPCIÓN FÍSICA--INFORMACIÓN GENERAL
campo de control de longitud fija ta
008 - DATOS DE LONGITUD FIJA--INFORMACIÓN GENERAL
campo de control de longitud fija 220117s2008 sp ado fr 001 0 spa d
010 ## - NÚMERO DE CONTROL DE LA BIBLIOTECA DEL CONGRESO
Número de control de LC 175621
020 ## - NÚMERO INTERNACIONAL ESTÁNDAR DEL LIBRO
Número Internacional Estándar del Libro 978-84-481-5168-3
040 ## - FUENTE DE LA CATALOGACIÓN
Centro/agencia transcriptor CHAP
Centro catalogador/agencia de origen mxchpua
050 10 - SIGNATURA TOPOGRÁFICA DE LA BIBLIOTECA DEL CONGRESO
Número de clasificación QK711.2
Número de documento/Ítem .F86 2008
082 00 - NÚMERO DE LA CLASIFICACIÓN DECIMAL DEWEY
Número de clasificación 581.1
Número de documento/Ítem F86 2008
Número de edición 20
245 10 - MENCIÓN DE TÍTULO
Título Fundamentos de fisiología vegetal /
Mención de responsabilidad, etc. M. Acosta...[y otros] ; coordinadores J. Azcón-Bieto y Manuel Talón
250 ## - MENCIÓN DE EDICIÓN
Mención de edición 2a edición
264 ## - PRODUCCIÓN, PUBLICACIÓN, DISTRIBUCIÓN, FABRICACIÓN Y COPYRIGHT
Producción, publicación, distribución, fabricación y copyright México :
Nombre del de productor, editor, distribuidor, fabricante McGraw-Hill : Universitat de Barcelona,
Fecha de producción, publicación, distribución, fabricación o copyright 2008
300 ## - DESCRIPCIÓN FÍSICA
Extensión xvi, 651 páginas :
Otras características físicas ilustraciones, tablas, gráficas, fotos
336 ## - TIPO DE CONTENIDO
Término de tipo de contenido texto
Código de tipo de contenido txt
Fuente rdacontent
337 ## - TIPO DE MEDIO
Nombre/término del tipo de medio sin medio
Código del tipo de medio n
Fuente rdamedia
338 ## - TIPO DE SOPORTE
Nombre/término del tipo de soporte volumen
Código del tipo de soporte nc
Fuente rdacarrier
504 ## - NOTA DE BIBLIOGRAFÍA, ETC.
Nota de bibliografía, etc. Incluye bibliografías
520 2# - SUMARIO, ETC.
Sumario, etc. La nueva edición de Fundamentos de Fisiología vegetal ofrece una introducción actualizada a la materia. <br/>En ella se conjuga la sencillez en la exposición pedagógica con contenidos de la máxima actualidad científica. <br/>Se divide en dos bloques principales: conceptos básicos de nutrición y transporte en los vegetales; procesos de crecimiento y diferenciación. <br/>NOVEDADES de la segunda edición: Actualización de los contenidos. De particular relevancia son los conocimientos recién adquiridos de las bases moleculares que sustentan los procesos fisiológicos. <br/>Nuevo material gráfico para adaptar la información actualizada en cada capítulo. <br/>Se han introducido citas bibliográficas relacionadas con los nuevos contenidos. El capítulo de la fisiología del estrés, que sucede a los dedicados al desarrollo, integra los conocimientos desarrollados en esos capítulos con las respuestas adaptativas propias de los vegetales. <br/>Se han incorporado nuevos problemas y cuestiones, referencias cruzadas y resúmenes, además de un listado de siglas y abreviaturas.
650 17 - PUNTO DE ACCESO ADICIONAL DE MATERIA--TÉRMINO DE MATERIA
Término de materia o nombre geográfico como elemento de entrada Fisiología vegetal
9 (RLIN) 41136
650 13 - PUNTO DE ACCESO ADICIONAL DE MATERIA--TÉRMINO DE MATERIA
Término de materia o nombre geográfico como elemento de entrada Bioquímica vegetal
9 (RLIN) 144648
650 13 - PUNTO DE ACCESO ADICIONAL DE MATERIA--TÉRMINO DE MATERIA
Término de materia o nombre geográfico como elemento de entrada Plant biochemistry
9 (RLIN) 156807
650 13 - PUNTO DE ACCESO ADICIONAL DE MATERIA--TÉRMINO DE MATERIA
Término de materia o nombre geográfico como elemento de entrada Plant physiology
9 (RLIN) 148420
700 1# - PUNTO DE ACCESO ADICIONAL--NOMBRE DE PERSONA
Nombre de persona Acosta, M.
9 (RLIN) 187195
Término indicativo de función/relación autor
700 1# - PUNTO DE ACCESO ADICIONAL--NOMBRE DE PERSONA
Nombre de persona Azcón-Bieto, J.
9 (RLIN) 156808
Término indicativo de función/relación coordinador
700 1# - PUNTO DE ACCESO ADICIONAL--NOMBRE DE PERSONA
Nombre de persona Talón, Manuel
9 (RLIN) 156809
Término indicativo de función/relación coordinador
942 ## - ELEMENTOS DE PUNTO DE ACCESO ADICIONAL (KOHA)
Tipo de ítem Koha Libro
Fuente del sistema de clasificación o colocación Dewey Decimal Classification
503 ## - NOTA DE HISTORIA BIBLIOGRÁFICA (BK CF MU) [OBSOLETO]
Nota de historia bibliográfica C/e
901 ## - ELEMENTOS DE DATOS A LOCAL LDA (RLIN)
a 581.1 F86 2008
902 ## - ELEMENTOS DE DATOS B LOCAL, LDB (RLIN)
a M
905 ## - ELEMENTOS DE DATOS E LOCAL, LDE (RLIN)
a 5232272008 mx aimn8222223322spa16
Holdings
Estado de retiro Estado de pérdida Fuente del sistema de clasificación o colocación Estado dañado Restricciones de uso No para préstamo Código de colección Localización permanente Ubicación/localización actual Fecha de adquisición Fuente de adquisición Número de inventario Total de préstamos Renovaciones totales Signatura topográfica completa Código de barras Fecha visto por última vez Fecha del último préstamo Número de copia Precio válido a partir de Tipo de ítem Koha En préstamo
    Dewey Decimal Classification   Préstamo 5 días   General Ingenieria Agroindustrial Ingenieria Agroindustrial 19/04/2016 Compra Consumo 20 14 581.1 F86 2008 1102010288 17/04/2026 09/04/2026 Ej. 5 18/01/2022 Libro  
    Dewey Decimal Classification   Préstamo interno   General Ingenieria Agroindustrial Ingenieria Agroindustrial 11/11/2011 Compra C/e     581.1 F86 2008 1102006517 18/01/2022   Ej. 1 18/01/2022 Libro  
    Dewey Decimal Classification   Préstamo 5 días   General Ingenieria Agroindustrial Ingenieria Agroindustrial 11/11/2011 Compra C/e 9 5 581.1 F86 2008 1102006518 03/02/2026 27/01/2026 Ej. 2 18/01/2022 Libro  
    Dewey Decimal Classification   Préstamo 5 días   General Ingenieria Agroindustrial Ingenieria Agroindustrial 19/04/2016 Compra C/e 13 8 581.1 F86 2008 1102010287 09/03/2026 23/02/2026 Ej. 4 18/01/2022 Libro  
    Dewey Decimal Classification   Préstamo 5 días   General Ingenieria Agroindustrial Ingenieria Agroindustrial 01/01/2016 Compra C/e 17 11 581.1 F86 2008 1102010286 09/04/2026 09/04/2026 Ej. 3 18/01/2022 Libro 16/04/2026